| 000 | 00851nam a2200277Ia 4500 | ||
|---|---|---|---|
| 001 | Z_5133 | ||
| 003 | CHAP | ||
| 008 | 220113s1996 xx 000 0 und d | ||
| 010 | _a168190 | ||
| 040 | _cCHAP | ||
| 090 | _aFolleto 687 | ||
| 100 |
_aMartínez López, Raúl _9142458 |
||
| 245 |
_aGuía de mediciena preventiva en ganado bovino / _cpor Raúl Martínez López, David Liceaga Rivera y José M. Zorrilla Ríos |
||
| 260 |
_aTlajomulco de Zúñiga, Jal : _bINIFAP. Campo Experimental Centro de Jalisco, _c1996 |
||
| 300 | _a24 h. | ||
| 440 |
_aFolleto técnico num. 2 _9142451 |
||
| 500 | _a | ||
| 503 | _a | ||
| 650 |
_aGanado bovino _xMedicina preventiva I. Liceaga Rivera, David II. Zorrilla Ríos, José M. _9142459 |
||
| 901 | _aFolleto 687 | ||
| 902 | _aA | ||
| 910 | _a1996 | ||
| 942 | _cc14 | ||
| 942 | _cc14 | ||
| 999 |
_c168190 _d168190 |
||